| 000 | 00889nam a2200193Ia 4500 | ||
|---|---|---|---|
| 001 | 15558 | ||
| 003 | GE_BSU | ||
| 008 | 181216s||||||||xx |||||||||||||| ||und|| | ||
| 040 | _cGE_BSU | ||
| 245 | _aცეცხლის ყვავილები. არდავიწყების წიგნი | ||
| 245 | _cშემდგ.: ა. სულაკაური. რედ. ა. ბრეგვაძე | ||
| 260 | _aთბილისი | ||
| 260 | _bნაკადული | ||
| 260 | _c1975 | ||
| 300 | _a128გვ.ილ. 20სმ | ||
| 653 | _aდიდ სამამულო ომში დაღუპულ ქართველ, აზერბაიჯანელ და სომეხ პოეტთა ლექსები | ||
| 653 | _aცეცხლის ყვავილები. არდავიწყების წიგნი | ||
| 942 | _cBK | ||
| 999 |
_c48658 _d48658 |
||